| 000 | 01061nam a2200301 i 4500 | ||
|---|---|---|---|
| 001 | 73263 | ||
| 003 | ES-MaACL | ||
| 005 | 20230906171729.0 | ||
| 007 | t| | ||
| 008 | 040923s2002 sp ||||1| spa d | ||
| 020 | _a84-955699-47-8 | ||
| 080 | _a323.17(0:82) | ||
| 080 | _a821.134.2.09"19" | ||
| 080 | _a821.134.2(7/8).09"19" | ||
| 245 | 0 | 0 |
_aNacionalismo y vanguardias en las literaturas hispánicas / _cEloy Navarro Domínguez, Rosa García Gutiérrez (eds.). |
| 260 |
_a[Huelva] : _bUniversidad de Huelva, _c[2002] |
||
| 300 |
_a305 p. ; _c24 cm. |
||
| 490 | 1 |
_aCollectanea ; _v61 |
|
| 650 | 4 |
_aNacionalismo- _xEn la literatura. _915446 |
|
| 650 | 4 |
_aLiteratura española- _yS.XX- _xHistoria y crítica. _9141686 |
|
| 650 | 1 | 4 |
_aLiteratura hispanoamericana- _yS.XX- _xHistoria y crítica. _914614 |
| 700 | 1 |
_aNavarro Domínguez, Eloy. _985121 |
|
| 700 | 1 |
_aGarcía Gutiérrez, Rosa. _954752 |
|
| 710 | 2 |
_aUniversidad de Huelva. _97190 |
|
| 830 | 0 |
_aCollectanea ; _v61 _9183390 |
|
| 852 |
_aES-MaACL _jL-28154 _bR.134009 |
||
| 999 |
_c73263 _d73263 |
||